000 00688nam a22002177a 4500
999 _c163241
_d163241
005 20190410114827.0
010 _aENG-124978
020 _a9789383316267
_c945.00
035 _aEN-108510
037 _adpl
037 _bDBAD/PUB.
082 _a332.1
245 _aEconomic reforms & Indian banking sector/
_ced. by N.N. Sharma; Akhil Gautam [and] Sahil Mahajan
260 _aDelhi
_bGaurav Book Centre (Pvt.) Ltd.
_c2015
270 _a4832/24, Prahlad Lane, S-207 Ansari Road, Daryaganj,
_bDelhi
_e110002
300 v _a249p.
_c22cm(Hbk)
_bill.
700 _aSharma, N.N.
700 _aGautam, Akhil
700 _a Mahajan, Sahil
942 _2ddc
_cEN
_mECO
_h332.1